000 00392cam a22001217a 4500
008 180718b1980 xxu||||| |||| 00| 0 eng d
082 _aA75 Ut8BUL
245 _aUttar Pradesh district gazetteers: Bulandshahr
_cedited by Amar Singh Banghel
260 _aLucknow
_bDepartment of District Gazetteers
_c1980
300 _a367p.
650 _aBulandshahr - Gazetteers
700 _aBaghel, Amar Singh
999 _c486563
_d486563